Un lío de mil diablos: Un juguete comico para señoritas en un acto y en prosa

Guardado en:
Detalles Bibliográficos
Autor principal: Ruiz Pelayo, Samuel Autor.
Formato: Desconocido
Lenguaje:español
Publicado: Barcelona Librería Salesiana 1939
Catálogo:MANES:  Resultados de Búsqueda del Catálogo
Clasificación de libros de texto:
Colección:Galeria Dramática Salesiana: Señoritas
Materias:
Etiquetas: Agregar Etiqueta
Sin Etiquetas, Sea el primero en etiquetar este registro!
Añadido a:2016-04-26

MARC

LEADER 000000000a22000000004500
001 39837
008 160427s sp ||||| |||| 00| 0 spa d
040 |a MANES  |c manes 
100 1 |a Ruiz Pelayo, Samuel Autor. 
245 0 0 |a Un lío de mil diablos: Un juguete comico para señoritas en un acto y en prosa 
260 |a Barcelona  |b Librería Salesiana  |c 1939 
300 |a 31p.  |c 11,5 x 17 cm 
490 |a Galeria Dramática Salesiana: Señoritas 
500 |a Se trata de una obra de un sólo acto, pertenece al Género Chico del teatro, siendo pequeñas piezas teatrales para complementar la obra principal. En este caso se utilizaban mucho para la educación moral. Contiene una ilustración en blanco y negro. 
546 |a España 
650 7 |a Religión y moral  |a Escritura y lectura 
655 7 |a Primaria  |a Secundaria 
942 |2 ddc  |c BK 
999 |c 44153  |d 44153 
999 |c manes:44153  |d 44153